PROFESSIONAL SPORTS TEAMS WITH ANIMAL TEAM NAMES - Statistics

General Stats
  • This quiz has been taken 85 times
    32 since last reset
  • The average score is 27 of 37
Answer Stats
Answer % Correct
Chicago Bears
92%
Arizona Cardinals
88%
Philadelphia Eagles
88%
St. Louis Cardinals
88%
Carolina Panthers
83%
Florida Panthers
83%
Atlanta Falcons
79%
Atlanta Hawks
79%
Detroit Tigers
79%
Jacksonville Jaguars
79%
Chicago Bulls
75%
Chicago Cubs
75%
Detroit Lions
75%
Memphis Grizzlies
75%
New Orleans Pelicans
75%
Pittsburgh Penguins
75%
Seattle Seahawks
75%
Toronto Blue Jays
75%
Baltimore Orioles
71%
Cincinnati Bengals
71%
Denver Broncos
71%
Los Angeles Rams
71%
Miami Dolphins
71%
San Jose Sharks
71%
Tampa Bay Rays
71%
Baltimore Ravens
67%
Miami Marlins
67%
Anaheim Ducks
63%
Arizona Diamondbacks
63%
Boston Bruins
63%
Charlotte Hornets
63%
Utah Mammoth
63%
Indianapolis Colts
58%
Milwaukee Bucks
58%
Minnesota Timberwolves
54%
Toronto Raptors
54%
Dallas Mavericks
50%
No matching quizzes found
Score Distribution
Percent of People with Each Score
Percentile by Number Answered
Your Score History
You have not taken this quiz since the last reset